000 00495cam a22001457a 4500
008 180718b2003 xxu||||| |||| 00| 0 eng d
082 _aAPPPA 2002-03 AGR/1
100 _aAgrawal, Mayank Kumar
245 _aRegulating on cable TV in India
_cby Mayank Kumar Agrawal
260 _aNew Delhi
_bIndian Institute of Public Administration
_c2003
300 _a129p.
500 _aAn APPPA M. Phil. dissertation, 2002-03 (Guide: Sujata Singh)
650 _aAPPPA
650 _aCable TV industry - India
999 _c492694
_d492694